Indicadores de ciencia y tecnología, Colombia 2014 / (Registro nro. 17691)
[ vista simple ]
| 000 -CABECERA | |
|---|---|
| Campo de control | 02032nam a22004217a 4500 |
| 005 - FECHA Y HORA DE LA ULTIMA TRANSACCION | |
| Campo de control | 20150820090133.0 |
| 008 - ELEMENTOS DE LONGITUD FIJA—INFORMACION GENERAL | |
| Campo de control | 150820b2014 ck |||||r|||| 00| 0 spa d |
| 022 ## - ISSN | |
| ISSN | 2323-072XX |
| 040 ## - FUENTE DE CATALOGACIÓN | |
| Agencia catalogadora original | CO-BoIAVH |
| Agencia transcriptora | CO-BoIAVH |
| 041 0# - IDIOMA | |
| Código de idioma para texto/pista de sonido o título separado | Español |
| 044 ## - PAÍS DE PUBLICACIÓN | |
| País de publicación | Colombia |
| 082 04 - NUMERO DE CLASIFICACION DECIMAL DEWEY | |
| Número de clasificación | 372.35 |
| Número del ítem | L93i |
| 100 1# - ASIENTO PRINCIPAL--NOMBRE PERSONAL | |
| Nombre personal | Lucio-Arias, Diana |
| 245 1# - MENCION DE TITULO | |
| Título | Indicadores de ciencia y tecnología, Colombia 2014 / |
| Mención de responsabilidad | Diana Lucio-Arias, Sandra Carolina Rivera Torres... [et al] |
| 260 3# - PUBLICACION, DISTRIBUCION, ETC. (PIE DE IMPRENTA) | |
| Lugar de publicación, distribución, etc. | Bogotá (Colombia): |
| Nombre del editor, distribuidor, etc. | Observatorio Colombiano de Ciencia y Tecnología, |
| Fecha de publicación, distribución, etc. | 2014. |
| 300 ## - DESCRIPCION FISICA | |
| Extensión | 208 p. |
| Otros detalles físicos | gráficas, ilustraciones, mapas |
| Dimensiones | 24 cm. |
| 500 ## - NOTA GENERAL | |
| Nota general | Incluye anexos de siglas y acrónimos. |
| 505 ## - NOTA DE CONTENIDO | |
| Nota de contenido | Cap. 1 Inversión en actividades de ciencia, tecnología e innovación.<br/>Cap. 2 Formación científica y tecnológica.<br/>Cap. 3 Capacidades nacionales de ciencia y tecnología.<br/>Cap. 4 Producción bibliográfica.<br/>Cap. 5 Títulos de propiedad industrial.<br/>Cap. 6 Innovación en el sector servicios.<br/>Cap. 7 Departamento administrativo de Ciencia, Tecnología e Innovación - Colciencias. |
| 610 #4 - ASIENTO SECUNDARIO DE MATERIA - NOMBRE CORPORATIVO | |
| Nombre corporativo o nombre de la jurisdicción como elemento de entrad | Colciencias |
| Subdivisión de forma | Estadísticas |
| 610 #4 - ASIENTO SECUNDARIO DE MATERIA - NOMBRE CORPORATIVO | |
| Nombre corporativo o nombre de la jurisdicción como elemento de entrad | Colciencias |
| Subdivisión de forma | Indicadores |
| 650 #6 - ASIENTO SECUNDARIO DE MATERIA - TERMINO TEMATICO | |
| Término temático o nombre geográfico como elemento de entrada | Ciencia y tecnología |
| Subdivisión de forma | Estadísticas |
| Subdivisión geográfica | Colombia. |
| 650 #6 - ASIENTO SECUNDARIO DE MATERIA - TERMINO TEMATICO | |
| Término temático o nombre geográfico como elemento de entrada | Ciencia y tecnología |
| Subdivisión de forma | Indicadores |
| Subdivisión geográfica | Colombia. |
| 650 #6 - ASIENTO SECUNDARIO DE MATERIA - TERMINO TEMATICO | |
| Término temático o nombre geográfico como elemento de entrada | Investigación científica |
| Subdivisión de forma | Estadísticas |
| Subdivisión geográfica | Colombia. |
| 650 #6 - ASIENTO SECUNDARIO DE MATERIA - TERMINO TEMATICO | |
| Término temático o nombre geográfico como elemento de entrada | Investigación científica |
| Subdivisión de forma | Indicadores |
| Subdivisión geográfica | Colombia. |
| 700 1# - ASIENTO SECUNDARIO - NOMBRE PERSONAL | |
| Nombre personal | Rivera Torres, Sandra Carolina |
| 700 1# - ASIENTO SECUNDARIO - NOMBRE PERSONAL | |
| Nombre personal | Tique Ortiz, Jineth |
| 700 1# - ASIENTO SECUNDARIO - NOMBRE PERSONAL | |
| Nombre personal | Villareal, Nelson Fabián |
| 700 1# - ASIENTO SECUNDARIO - NOMBRE PERSONAL | |
| Nombre personal | Lucio, Jorge |
| 700 1# - ASIENTO SECUNDARIO - NOMBRE PERSONAL | |
| Nombre personal | Mora, Henry |
| 700 1# - ASIENTO SECUNDARIO - NOMBRE PERSONAL | |
| Nombre personal | Perea, Gloria Inés |
| 700 1# - ASIENTO SECUNDARIO - NOMBRE PERSONAL | |
| Nombre personal | Guevara, Andrea |
| 700 1# - ASIENTO SECUNDARIO - NOMBRE PERSONAL | |
| Nombre personal | Salinas Pico, Jenny Marcela |
| 700 1# - ASIENTO SECUNDARIO - NOMBRE PERSONAL | |
| Nombre personal | Torralba Barreto, Daniel Ricardo |
| 700 1# - ASIENTO SECUNDARIO - NOMBRE PERSONAL | |
| Nombre personal | Melo Martínez, Fabian Hernán |
| 700 1# - ASIENTO SECUNDARIO - NOMBRE PERSONAL | |
| Nombre personal | Márquez, Natalia |
| 700 1# - ASIENTO SECUNDARIO - NOMBRE PERSONAL | |
| Nombre personal | Garavito Muñoz, María Paula |
| 942 ## - ELEMENTOS ADICIONALES (KOHA) | |
| Sistema de clasificación | Dewey Decimal Classification |
| Tipo de ítem | Libro |
| Withdrawn status | Lost status | Sistema de Clasificación | Damaged status | No para préstamo | Colección | Inventariado | Ubicación Permanente | Ubicación actual | Fecha de adquisición | Fuente de Valor | Valor | Total Checkouts | Número topográfico | Inventario / Código de Barras | Date last seen | Ejemplar | Price effective from | Forma de adquisición | Tipo de material |
|---|---|---|---|---|---|---|---|---|---|---|---|---|---|---|---|---|---|---|---|
| Dewey Decimal Classification | General | Inventariado 2017 | Bogotá | Bogotá | 20/08/2015 | Instituto | 39000.00 | LB-372.35 L93i | 042117 | 20/08/2015 | Ej. 1 | 20/08/2015 | Libro | ||||||
| Dewey Decimal Classification | General | Inventariado 2017 | Sala Fabio Quevedo | Sala Fabio Quevedo | 27/07/2016 | Instituto | 39000.00 | LB-372.35 L93i | 040563 | 27/07/2016 | Ej. 2 | 27/07/2016 | Donación | Libro |